Sports Quiz

Random Sports or Soccer Quiz

Every Norwegian Premier League goalscorer Quiz Stats

 Plays Quiz not verified by Sporcle

Also try: Cy Young Winners
Challenge
Share
Tweet
Embed
Score 0/36 Timer 10:00
0 Plays Today
Clubs Scored For Player % Correct
Man UnitedOle Gunnar Solskjaer
93.4%
Chelsea, SunderlandTore Andre Flo
88.8%
Sheff UnitedJostein Flo
88.2%
Liverpool, FulhamJohn Arne Riise
87.5%
Blackburn, Man UnitedHenning Berg
85.5%
Aston Villa, StokeJohn Carew
84.9%
Man United, Aston VillaRonny Johnsen
82.2%
ChelseaErland Johnsen
81.6%
Spurs, WolvesSteffen Iversen
78.9%
BournemouthJoshua King
72.4%
Wimbledon, Liverpool, Spurs, Aston VillaOyvind Leonhardsen
72.4%
BlackburnMorten Gamst Pedersen
72.4%
Liverpool, BlackburnStig Inge Bjornebye
70.4%
LeedsEirik Bakke
68.4%
Fulham, Crystal PalaceBrede Hangeland
67.1%
Swindon, Middlesbrough, BarnsleyJan Age Fjortoft
65.1%
LiverpoolVegard Heggem
60.5%
Nottingham Forest, Leeds, Man CityAlf-Inge Haaland
57.2%
Clubs Scored For Player % Correct
SouthamptonClaus Lundekvam
54.6%
Oldham, LeedsGunnar Halle
53.9%
WimbledonAndreas Lund
53.3%
Southampton, BlackburnEgil Ostenstad
52.6%
Nottingham Forest, Blackburn, DerbyLars Bohinen
50%
NorwichAlexander Tettey
50%
FulhamErik Nevland
49.3%
HullAdama Diomande
39.5%
WimbledonMartin Andresen
38.8%
SouthamptonJo Tessem
38.8%
LeedsFrank Strandli
36.8%
WimbledonStale Solbakken
36.2%
Coventry, SouthamptonTrond Egil Soltvedt
36.2%
CardiffMats Moller Daehli
34.9%
Sheff WedPetter Rudi
34.2%
BoltonDaniel Braaten
32.2%
PortsmouthAzar Karadas
27%
Nottingham ForestJon Olav Hjelde
25%

You're not logged in!

Compare scores with friends on all Sporcle quizzes.
OR
Log In

You Might Also Like...

Show Comments

Extras

Top Quizzes Today


Score Distribution

Your Account Isn't Verified!

In order to create a playlist on Sporcle, you need to verify the email address you used during registration. Go to your Sporcle Settings to finish the process.

Report this User

Report this user for behavior that violates our Community Guidelines.

Details: